000 00834naa a22002417u 4500
001 20903
003 HDC
007 cr bn ---aaaaa
008 210306t200901 xx 000 0 eng
040 _aHDC
100 _aIR, MARCO TIEMAN,
_eauthor
_918711
245 4 _aTHE BUILDING BLOCKS OF A HALAL TRANSPORTATION SYSTEM /
_cby IR, MARCO TIEMAN
260 _a[No place] :
_b[publisher not identified],
_c2009
336 _atext
_2rdacontent
337 _acomputer
_2rdamedia
338 _aonline resource
_2rdacarrier
650 _aBusiness logistics
_9618
650 _aHalal food industry
_9128
856 _zRequest full-text at [email protected]
942 _2lcc
942 _cEIJ
942 _kEMAG 000934
999 _c18219
_d18219